[Event "BL2-Nord playoff 2"]
[White "Dudzinski, Piotr"]
[Black "Strache, Michael"]
[Site "Germany"]
[Round "10.7"]
[Result "1/2-1/2"]
[Date "2024.05.04"]
[WhiteElo "2342"]
[BlackElo "2222"]
[PlyCount "123"]
[EventDate "2024.05.04"]
[EventType "team-k.o."]
[EventRounds "2"]
[EventCountry "GER"]
[SourceTitle "EXT 2025"]
[Source "ChessBase"]
[SourceDate "2024.10.14"]
[SourceVersion "1"]
[SourceVersionDate "2024.10.14"]
[SourceQuality "1"]
[WhiteTeam "Rüdersdorf Glückauf"]
[BlackTeam "Kreuzberg"]
[WhiteTeamCountry "GER"]
[BlackTeamCountry "GER"]

1. e4 c6 2. d4 d5 3. exd5 cxd5 4. Bd3 Nf6 5. c3 Bg4 6. Qb3 Qc7 7. Ne2 Bxe2 8. Bxe2 Nc6 9. Be3 e6 10. Nd2 Bd6 11. h3 0-0 12. 0-0 h6 13. Rac1 Rab8 14. c4 Qe7 15. cxd5 Nxd5 16. Bf3 Rfd8 17. Rfd1 Bc7 18. Ne4 Bf4 19. Nc5 Nxe3 20. fxe3 Nxd4 21. exd4 Bxc1 22. Rxc1 Rxd4 23. Qe3 Rdd8 24. Nb3 Qd6 25. Rc4 Qg3 26. Qe2 Rd7 27. Rg4 Qc7 28. Qe3 Rbd8 29. Qc3 Qxc3 30. bxc3 Rc8 31. Rb4 b6 32. c4 Rd3 33. Ra4 Rc7 34. Kf2 f5 35. Be2 Rd6 36. Rb4 Kf7 37. Ke1 Kf6 38. Nc1 g5 39. Rb2 e5 40. a4 e4 41. Na2 Ke5 42. Nc3 Rc5 43. Nd5 h5 44. Kf2 h4 45. Rb1 Ra5 46. Bd1 Rc5 47. Be2 Rd8 48. Ke3 Rf8 49. Rc1 Rfc8 50. Kd2 Rd8 51. Rb1 Kd4 52. Rd1 Ra5 53. Kc2+ Ke5 54. Kb3 Rc5 55. Rf1 f4 56. Re1 Rd6 57. Bf3 e3 58. Kb4 Rd8 59. Kb3 Rdc8 60. Ne7 R8c7 61. Nd5 Rc8 62. Ne7 1/2-1/2

[Event "BL2-Nord 2324"]
[White "Farokhi, Keyvan"]
[Black "Dudzinski, Piotr"]
[Site "Germany"]
[Round "2.6"]
[Result "1/2-1/2"]
[Date "2023.10.22"]
[WhiteElo "2274"]
[BlackElo "2342"]
[PlyCount "125"]
[EventDate "2023.10.21"]
[EventType "team-tourn"]
[EventRounds "10"]
[EventCountry "GER"]
[SourceTitle "EXT 2025"]
[Source "ChessBase"]
[SourceDate "2024.10.14"]
[SourceVersion "1"]
[SourceVersionDate "2024.10.14"]
[SourceQuality "1"]
[WhiteTeam "Kiel Turm II"]
[BlackTeam "Ruedersdorf Glueckauf"]
[WhiteTeamCountry "GER"]
[BlackTeamCountry "GER"]

1. d4 d5 2. c4 e6 3. Nc3 Nf6 4. Nf3 Be7 5. g3 0-0 6. Bg2 Nbd7 7. 0-0 c6 8. Qd3 b6 9. cxd5 cxd5 10. Bf4 a6 11. a4 Bb7 12. Rfc1 Rc8 13. Rc2 Nb8 14. Rac1 Nc6 15. Na2 Bd6 16. e3 Bxf4 17. gxf4 Qd6 18. Ne5 Ne7 19. b4 Rxc2 20. Rxc2 Rc8 21. Bf1 Ne8 22. Rxc8 Bxc8 23. Qc3 Qc7 24. Qxc7 Nxc7 25. Bd3 f6 26. Nf3 Nc6 27. Kf1 a5 28. b5 Ne7 29. Ke2 Ne8 30. Nd2 Nd6 31. f3 Bd7 32. e4 Ng6 33. Ke3 Nh4 34. Bf1 Bc8 35. Nc3 Bb7 36. f5 dxe4 37. fxe4 exf5 38. Nc4 Nc8 39. e5 Kf7 40. exf6 Kxf6 41. d5 Ng6 42. Kd4 Nf8 43. h4 g6 44. Nb1 Nd7 45. Nbd2 Ke7 46. Bh3 Nc5 47. Nxa5 Nd6 48. Nac4 Nxa4 49. Nxd6 Kxd6 50. Nc4+ Ke7 51. Ke5 Nc3 52. d6+ Kf7 53. Nxb6 Nxb5 54. Bf1 Nxd6 55. Kxd6 g5 56. hxg5 Kg6 57. Ke5 Kxg5 58. Bd3 Be4 59. Bxe4 fxe4 60. Kxe4 Kg4 61. Nd5 h5 62. Nf6+ Kg5 63. Nxh5 1/2-1/2

[Event "POL-chT 1st League"]
[White "Dudzinski, Piotr"]
[Black "Wojdak, Jan"]
[Site "Szklarska Poreba"]
[Round "8.10"]
[Result "1/2-1/2"]
[Date "2021.09.11"]
[WhiteElo "2321"]
[BlackElo "2185"]
[PlyCount "27"]
[EventDate "2021.09.04"]
[EventType "team-swiss"]
[EventRounds "9"]
[EventCountry "POL"]
[SourceTitle "CBM 204 Extra"]
[Source "ChessBase"]
[SourceDate "2021.11.30"]
[SourceVersion "1"]
[SourceVersionDate "2021.11.30"]
[SourceQuality "1"]
[WhiteTeam "Ostrow Wielkopolski"]
[BlackTeam "Chrobry Gniezno"]
[WhiteTeamCountry "POL"]
[BlackTeamCountry "POL"]

1. e4 e5 2. Nf3 Nc6 3. Bc4 Nf6 4. d3 Be7 5. 0-0 0-0 6. Bb3 d6 7. c3 Na5 8. Bc2 c5 9. Nbd2 Nc6 10. Re1 Re8 11. Nf1 h6 12. h3 Bf8 13. d4 Qc7 14. d5 1/2-1/2

[Event "POL-chT 1st League"]
[White "Olsen, Filip Boe"]
[Black "Dudzinski, Piotr"]
[Site "Ustron"]
[Round "8.4"]
[Result "1/2-1/2"]
[Date "2020.09.12"]
[WhiteElo "2351"]
[BlackElo "2323"]
[PlyCount "70"]
[EventDate "2020.09.05"]
[EventType "team-tourn"]
[EventRounds "9"]
[EventCountry "POL"]
[SourceTitle "CBM 198 Extra"]
[Source "ChessBase"]
[SourceDate "2020.11.30"]
[SourceVersion "1"]
[SourceVersionDate "2020.11.30"]
[SourceQuality "1"]
[WhiteTeam "Dabrowa Gornicza Zaglebie"]
[BlackTeam "Ostrow Wielkopolski"]
[WhiteTeamCountry "POL"]
[BlackTeamCountry "POL"]

1. d4 d5 2. c4 e6 3. Nf3 c6 4. Nbd2 Nf6 5. Qc2 Be7 6. g3 0-0 7. Bg2 b6 8. 0-0 Bb7 9. e4 dxe4 10. Nxe4 Nxe4 11. Qxe4 Nd7 12. Rd1 Qc8 13. Bf4 c5 14. d5 Bf6 15. Qc2 exd5 16. cxd5 Re8 17. a4 Qd8 18. a5 bxa5 19. Nd2 Ba6 20. Ne4 Bd4 21. Rd2 Qb6 22. Qa4 Bb5 23. Qa3 Ne5 24. Nd6 Nc4 25. Nxc4 Bxc4 26. h4 Rad8 27. d6 h6 28. h5 Re2 29. Rxe2 Bxe2 30. Qxa5 Rxd6 31. Bxd6 Qxd6 32. Qxa7 Bxh5 33. Ra6 Bxf2+ 34. Kxf2 Qd4+ 35. Kf1 Qd1+ 1/2-1/2

[Event "BL2-Nord 1920"]
[White "Dudzinski, Piotr"]
[Black "Luckow, Rolf"]
[Site "Germany"]
[Round "8.5"]
[Result "1/2-1/2"]
[Date "2020.02.09"]
[WhiteElo "2324"]
[BlackElo "2220"]
[PlyCount "85"]
[EventDate "2019.10.19"]
[EventType "team-tourn"]
[EventRounds "9"]
[EventCountry "GER"]
[SourceTitle "CBM 194 Extra"]
[Source "ChessBase"]
[SourceDate "2020.03.31"]
[SourceVersion "1"]
[SourceVersionDate "2020.03.31"]
[SourceQuality "1"]
[WhiteTeam "Ruedersdorf Glueckauf"]
[BlackTeam "Kiel Turm II"]
[WhiteTeamCountry "GER"]
[BlackTeamCountry "GER"]

1. e4 c5 2. Nf3 Nc6 3. c3 d5 4. exd5 Qxd5 5. d4 Bg4 6. Be2 cxd4 7. cxd4 e6 8. Nc3 Qa5 9. 0-0 Nf6 10. Ne5 Bxe2 11. Nxe2 Be7 12. Nxc6 bxc6 13. Qc2 Rc8 14. Bd2 Qb6 15. b4 0-0 16. a3 Rfd8 17. Be3 Nd5 18. Nc3 a5 19. Na4 Qb5 20. bxa5 Qxa5 21. Rfc1 Nxe3 22. fxe3 e5 23. Nc5 Rd5 24. Nb3 Qa7 25. Qe4 Rb5 26. Nd2 exd4 27. exd4 Bf6 28. Nf3 c5 29. Ra2 Rd8 30. Ne5 cxd4 31. Nc6 Qb7 32. a4 Rb3 33. Qe1 Re3 34. Qb4 Qxb4 35. Nxb4 g6 36. Kf2 Rc3 37. Rxc3 dxc3 38. a5 Rb8 39. Ra4 Be7 40. Nd5 Rb2+ 41. Kf3 c2 42. Nxe7+ Kf8 43. Nxg6+ 1/2-1/2

[Event "BL2-Nord 1920"]
[White "Dudzinski, Piotr"]
[Black "Kramer, Julian"]
[Site "Germany"]
[Round "6.5"]
[Result "1/2-1/2"]
[Date "2019.12.08"]
[WhiteElo "2324"]
[BlackElo "2371"]
[PlyCount "114"]
[EventDate "2019.10.19"]
[EventType "team-tourn"]
[EventRounds "9"]
[EventCountry "GER"]
[SourceTitle "CBM 194 Extra"]
[Source "ChessBase"]
[SourceDate "2020.03.31"]
[SourceVersion "1"]
[SourceVersionDate "2020.03.31"]
[SourceQuality "1"]
[WhiteTeam "Ruedersdorf Glueckauf"]
[BlackTeam "Hamburger SK II"]
[WhiteTeamCountry "GER"]
[BlackTeamCountry "GER"]

1. e4 e5 2. Nf3 Nc6 3. Bc4 Bc5 4. c3 Nf6 5. d3 d6 6. 0-0 a6 7. Bb3 Ba7 8. Nbd2 0-0 9. h3 h6 10. Re1 Re8 11. Nf1 Be6 12. Be3 Bxe3 13. Nxe3 d5 14. exd5 Nxd5 15. Nxd5 Bxd5 16. d4 e4 17. Nd2 f5 18. Qh5 Bxb3 19. axb3 Qd7 20. b4 Kh7 21. Nb3 b6 22. Qe2 Qd5 23. Nd2 a5 24. bxa5 Rxa5 25. Rxa5 Nxa5 26. b4 Nb7 27. Nc4 Qc6 28. Rc1 Qb5 29. Kf1 Ra8 30. Ne3 Qxe2+ 31. Kxe2 Nd6 32. Nd5 Ra2+ 33. Kf1 Nc4 34. b5 g5 35. Kg1 Kg7 36. Nxc7 e3 37. fxe3 Nxe3 38. c4 Rxg2+ 39. Kh1 f4 40. Nd5 Rd2 41. Nxe3 fxe3 42. Re1 Rxd4 43. Rxe3 Kf6 44. Re8 Rxc4 45. Rb8 Kf5 46. Rxb6 h5 47. Kg2 Rc2+ 48. Kf3 Rc3+ 49. Kg2 Rc2+ 50. Kf3 Rh2 51. Kg3 Rb2 52. Rb8 h4+ 53. Kf3 Rh2 54. Rf8+ Kg6 55. Rg8+ Kf5 56. Rf8+ Kg6 57. Rg8+ Kf5 1/2-1/2

[Event "POL-ch rapid"]
[White "Dudzinski, Piotr"]
[Black "Nurkiewicz, Maciej"]
[Site "Zgierz"]
[Round "9"]
[Result "1/2-1/2"]
[Date "2019.10.06"]
[WhiteElo "2355"]
[BlackElo "2334"]
[PlyCount "109"]
[EventDate "2019.10.06"]
[EventType "swiss (rapid)"]
[EventRounds "11"]
[EventCountry "POL"]
[SourceTitle "EXT 2020"]
[Source "ChessBase"]
[SourceDate "2019.10.17"]
[SourceVersion "1"]
[SourceVersionDate "2019.10.17"]
[SourceQuality "1"]

1. e4 e5 2. Nf3 Nc6 3. Bc4 Bc5 4. c3 Nf6 5. d3 0-0 6. Bb3 d5 7. Qe2 h6 8. 0-0 Re8 9. Nbd2 a5 10. a3 Bg4 11. Rd1 Qd7 12. Nf1 a4 13. Bc2 d4 14. h3 Be6 15. Ng3 b5 16. Nh4 Kh7 17. Nhf5 Bf8 18. Qf3 Qd8 19. cxd4 Nxd4 20. Nxd4 Qxd4 21. Qe3 Qxe3 22. Bxe3 c5 23. Rac1 Red8 24. f4 exf4 25. Bxf4 g6 26. Ne2 Bg7 27. Be5 Nd7 28. Bxg7 Kxg7 29. d4 cxd4 30. Nxd4 Bc4 31. Bd3 Bxd3 32. Rxd3 Ne5 33. Rdd1 Rab8 34. Rc7 Kg8 35. Rc5 Nc4 36. Rd5 Nxb2 37. Rb1 Nc4 38. Nxb5 Rxd5 39. exd5 Kg7 40. Kf2 Kf6 41. Ke2 Ke5 42. Kd3 Nd6 43. Re1+ Kxd5 44. Nc3+ Kc6 45. Nxa4 Rb3+ 46. Kc2 Rxa3 47. Nc3 Kd7 48. Rd1 Ke6 49. Rxd6+ Kxd6 50. Nb5+ Ke5 51. Nxa3 Kf4 52. Nc4 Kg3 53. Ne5 Kxg2 54. Nxf7 Kxh3 55. Nxh6 1/2-1/2

[Event "BL2-Nord 1819"]
[White "Berger, Steve"]
[Black "Dudzinski, Piotr"]
[Site "Germany"]
[Round "10.6"]
[Result "1/2-1/2"]
[Date "2019.03.24"]
[WhiteElo "2435"]
[BlackElo "2326"]
[PlyCount "102"]
[EventDate "2018.11.10"]
[EventType "team-tourn"]
[EventRounds "10"]
[EventCountry "GER"]
[SourceTitle "CBM 190 Extra"]
[Source "ChessBase"]
[SourceDate "2019.07.15"]
[SourceVersion "1"]
[SourceVersionDate "2019.07.15"]
[SourceQuality "1"]
[WhiteTeam "Berlin Tegel"]
[BlackTeam "Ruedersdorf Glueckauf"]
[WhiteTeamCountry "GER"]
[BlackTeamCountry "GER"]

1. e4 e5 2. Nf3 Nc6 3. Bc4 Bc5 4. 0-0 Nf6 5. d3 h6 6. a4 0-0 7. Re1 d6 8. c3 a6 9. h3 Qe7 10. Nbd2 Be6 11. Bxe6 fxe6 12. b4 Ba7 13. Nf1 Nh5 14. Be3 Qf7 15. Bxa7 Rxa7 16. Ra2 Nf4 17. Kh2 Ne7 18. Ng1 Raa8 19. g3 Nh5 20. Ne3 Qg6 21. Qg4 Qf7 22. Qd1 Qg6 23. Ng4 Nf6 24. Kg2 h5 25. Nxf6+ Rxf6 26. h4 Qg4 27. Qxg4 hxg4 28. f3 gxf3+ 29. Nxf3 a5 30. b5 Raf8 31. Rf1 Nc8 32. Nd2 Rxf1 33. Nxf1 Nb6 34. Nd2 Nd7 35. Nc4 Nc5 36. b6 cxb6 37. Nxb6 Nxd3 38. Rd2 Nc5 39. Rxd6 Nxe4 40. Rxe6 Rf2+ 41. Kg1 Rf3 42. Rxe5 Rxg3+ 43. Kh2 Rg4 44. h5 Nxc3 45. Rxa5 Rb4 46. Rc5 Nxa4 47. Nxa4 Rxa4 48. Rb5 Kh7 49. Rxb7 Kh6 50. Kg3 Ra5 51. Rb3 Kxh5 1/2-1/2

[Event "BL2-Nord 1819"]
[White "Hagenstein, Frank"]
[Black "Dudzinski, Piotr"]
[Site "Germany"]
[Round "4.6"]
[Result "1/2-1/2"]
[Date "2018.12.16"]
[WhiteElo "2266"]
[BlackElo "2326"]
[PlyCount "108"]
[EventDate "2018.11.10"]
[EventType "team-tourn"]
[EventRounds "10"]
[EventCountry "GER"]
[SourceTitle "CBM 190 Extra"]
[Source "ChessBase"]
[SourceDate "2019.07.15"]
[SourceVersion "1"]
[SourceVersionDate "2019.07.15"]
[SourceQuality "1"]
[WhiteTeam "Norderstedt"]
[BlackTeam "Ruedersdorf Glueckauf"]
[WhiteTeamCountry "GER"]
[BlackTeamCountry "GER"]

1. d4 d5 2. c4 c6 3. Nf3 e6 4. Nbd2 Nf6 5. Qc2 Nbd7 6. g3 Be7 7. Bg2 0-0 8. 0-0 b6 9. e4 dxe4 10. Nxe4 Bb7 11. Rd1 Qc8 12. Bf4 Nxe4 13. Qxe4 c5 14. d5 Re8 15. Qc2 exd5 16. cxd5 Bf6 17. a4 h6 18. a5 Ba6 19. Be3 Qd8 20. Nd2 bxa5 21. Ne4 Rb8 22. Nxf6+ Qxf6 23. b3 c4 24. bxc4 Rb2 25. Qc1 Re2 26. Bd4 Qf5 27. c5 Rc2 28. Qf4 Qxf4 29. gxf4 Nxc5 30. Be3 Nb3 31. Ra3 Rb2 32. Bf1 Bxf1 33. Kxf1 Rxe3 34. fxe3 Nd2+ 35. Rxd2 Rxd2 36. Rxa5 f5 37. h4 Kf7 38. Ke1 Rh2 39. Rxa7+ Kf6 40. Ra6+ Kf7 41. Ra7+ Kf6 42. d6 Ke6 43. Rxg7 Kxd6 44. Rg6+ Kd5 45. Rxh6 Ke4 46. Re6+ Kf3 47. Re5 Rxh4 48. Kd2 Rh8 49. Kd3 Rd8+ 50. Kc4 Rd7 51. Rd5 Re7 52. Rxf5 Rxe3 53. Kd5 Re4 54. Rh5 Rxf4 1/2-1/2

[Event "POL-chT 2nd League"]
[White "Dudzinski, Piotr"]
[Black "Winiarski, Mikolaj"]
[Site "Jastrzebia Gora"]
[Round "7.4"]
[Result "1-0"]
[Date "2018.09.06"]
[WhiteElo "2304"]
[BlackElo "2211"]
[PlyCount "77"]
[EventDate "2018.09.01"]
[EventType "team-swiss"]
[EventRounds "9"]
[EventCountry "POL"]
[SourceTitle "CBM 186 Extra"]
[Source "ChessBase"]
[SourceDate "2018.08.24"]
[SourceVersion "1"]
[SourceVersionDate "2018.08.24"]
[SourceQuality "1"]
[WhiteTeam "Ostrow Wielkopolski"]
[BlackTeam "Chylice Laura"]
[WhiteTeamCountry "POL"]
[BlackTeamCountry "POL"]

1. e4 e6 2. d4 d5 3. exd5 exd5 4. Nf3 Bd6 5. Bd3 Bg4 6. 0-0 Ne7 7. Re1 Nbc6 8. c3 Qd7 9. Nbd2 0-0-0 10. b4 Ng6 11. Qa4 Kb8 12. b5 Nce7 13. Ne5 Bxe5 14. dxe5 Nc8 15. Nb3 Nb6 16. Qd4 Bf5 17. Nc5 Qc8 18. Bf1 Nf8 19. Be3 Ne6 20. Nxe6 fxe6 21. a4 Qd7 22. a5 Nc8 23. b6 cxb6 24. axb6 a6 25. Bxa6 bxa6 26. Rxa6 Kb7 27. Qb4 Bd3 28. Ra5 Rhe8 29. Rea1 d4 30. Bxd4 Qc6 31. Qa3 Nxb6 32. Ra7+ Kb8 33. Qb4 Bb5 34. Bxb6 Qxb6 35. R7a5 Rd5 36. c4 Rxe5 37. cxb5 Kb7 38. Ra7+ Kc8 39. Ra8+ 1-0

[Event "POL-chT 2nd League"]
[White "Kasperek, Ryszard"]
[Black "Dudzinski, Piotr"]
[Site "Jastrzebia Gora"]
[Round "1.4"]
[Result "0-1"]
[Date "2018.09.01"]
[WhiteElo "2172"]
[BlackElo "2304"]
[PlyCount "68"]
[EventDate "2018.09.01"]
[EventType "team-swiss"]
[EventRounds "9"]
[EventCountry "POL"]
[SourceTitle "CBM 186 Extra"]
[Source "ChessBase"]
[SourceDate "2018.08.24"]
[SourceVersion "1"]
[SourceVersionDate "2018.08.24"]
[SourceQuality "1"]
[WhiteTeam "Debica Gryf"]
[BlackTeam "Ostrow Wielkopolski"]
[WhiteTeamCountry "POL"]
[BlackTeamCountry "POL"]

1. e4 e6 2. d4 d5 3. Nc3 dxe4 4. Nxe4 Bd7 5. Nf3 Bc6 6. Bd3 Nd7 7. 0-0 Ngf6 8. Qe2 Be7 9. Ng3 Bxf3 10. Qxf3 c6 11. a4 0-0 12. c3 a5 13. Re1 Re8 14. Re2 Bf8 15. Bf4 Nd5 16. Ne4 Nxf4 17. Qxf4 h6 18. Nd6 Bxd6 19. Qxd6 Nf6 20. Qf4 Qb6 21. h4 c5 22. dxc5 Qxc5 23. Rae1 Red8 24. Bc2 Rd5 25. Re5 Qd6 26. Bb3 Rd2 27. Qf3 Rxb2 28. Rb5 Rb8 29. Rd1 Rd2 30. Rxd2 Qxd2 31. Rxa5 Rc8 32. g3 Rxc3 33. Qxb7 Rc1+ 34. Kg2 Qxa5 0-1

[Event "BL2-Nord 1718"]
[White "Richter, Michael"]
[Black "Dudzinski, Piotr"]
[Site "Germany"]
[Round "8.3"]
[Result "1-0"]
[Date "2018.03.18"]
[WhiteElo "2498"]
[BlackElo "2310"]
[PlyCount "73"]
[EventDate "2017.10.08"]
[EventType "team-tourn"]
[EventRounds "9"]
[EventCountry "GER"]
[SourceTitle "CBM 183 Extra"]
[Source "ChessBase"]
[SourceDate "2018.04.19"]
[SourceVersion "1"]
[SourceVersionDate "2018.04.19"]
[SourceQuality "1"]
[WhiteTeam "Koenig Tegel"]
[BlackTeam "Glueck Auf Ruedersdorf"]
[WhiteTeamCountry "GER"]
[BlackTeamCountry "GER"]

1. d4 d5 2. c4 e6 3. Nc3 Nf6 4. cxd5 exd5 5. Bg5 Be7 6. e3 c6 7. Bd3 0-0 8. Qc2 Nbd7 9. Nge2 Re8 10. 0-0 h6 11. Bf4 Nh5 12. Nxd5 Nxf4 13. Nxe7+ Rxe7 14. Nxf4 Nf6 15. Rac1 Be6 16. Nxe6 Rxe6 17. Bc4 Re7 18. Qf5 Qb6 19. Bb3 a5 20. Qc5 Qd8 21. Qc2 Qd6 22. Qc5 Qd8 23. Bd1 Ne4 24. Qc2 Qd6 25. Bf3 Ng5 26. Be2 Ne6 27. Rfd1 a4 28. Qf5 Qb4 29. Bd3 g6 30. Qf6 Rae8 31. h4 h5 32. Rc2 Rd7 33. Bc4 Kh7 34. a3 Qd6 35. Rcd2 Qc7 36. d5 cxd5 37. Bb5 1-0

[Event "BL2-Nord 1718"]
[White "Dudzinski, Piotr"]
[Black "Meessen, Max"]
[Site "Germany"]
[Round "5.4"]
[Result "1/2-1/2"]
[Date "2018.01.21"]
[WhiteElo "2310"]
[BlackElo "2204"]
[PlyCount "128"]
[EventDate "2017.10.08"]
[EventType "team-tourn"]
[EventRounds "9"]
[EventCountry "GER"]
[SourceTitle "CBM 183 Extra"]
[Source "ChessBase"]
[SourceDate "2018.04.19"]
[SourceVersion "1"]
[SourceVersionDate "2018.04.19"]
[SourceQuality "1"]
[WhiteTeam "Glueck Auf Ruedersdorf"]
[BlackTeam "Oldenburg Union"]
[WhiteTeamCountry "GER"]
[BlackTeamCountry "GER"]

1. e4 c5 2. c3 Nf6 3. e5 Nd5 4. d4 cxd4 5. cxd4 d6 6. exd6 e6 7. Nf3 Bxd6 8. Nc3 Nxc3 9. bxc3 Qc7 10. Bd2 0-0 11. Bd3 Nd7 12. 0-0 b6 13. Re1 Bb7 14. h3 Bf4 15. Ng5 Nf6 16. Bxf4 Qxf4 17. Re5 h6 18. g3 Qxg5 19. Rxg5 hxg5 20. Qd2 Rac8 21. Rc1 g4 22. hxg4 Nxg4 23. Qe2 Nf6 24. Ba6 Bxa6 25. Qxa6 Rc7 26. Kg2 Rfc8 27. Qd3 Rc4 28. Qf3 Kf8 29. Qb7 Nd5 30. Qxa7 Rxc3 31. Re1 Rc2 32. Qd7 R2c6 33. Re2 Kg8 34. Re5 R6c7 35. Qd6 Rc6 36. Qd7 R6c7 37. Qb5 Rc2 38. a4 R2c4 39. Qd7 R4c7 40. Qd6 Rc6 41. Qd7 R6c7 42. Qb5 Rc4 43. Qa6 Kf8 44. a5 bxa5 45. Qd6+ Kg8 46. Rxe6 Nf4+ 47. gxf4 fxe6 48. Qxe6+ Kf8 49. d5 Ra8 50. f5 Rcc8 51. f6 Re8 52. fxg7+ Kxg7 53. Qg4+ Kf7 54. Qd7+ Kf6 55. f4 a4 56. Qd6+ Kf7 57. Qd7+ Kf6 58. Qc6+ Kf7 59. Qb7+ Kf6 60. Qb6+ Kf5 61. Kf3 Rab8 62. Qa7 Rb3+ 63. Kf2 Rb2+ 64. Kf3 Rb3+ 1/2-1/2

[Event "BL2-Nord 1718"]
[White "Krause, Jonah"]
[Black "Dudzinski, Piotr"]
[Site "Germany"]
[Round "3.5"]
[Result "1/2-1/2"]
[Date "2017.11.12"]
[WhiteElo "2354"]
[BlackElo "2310"]
[PlyCount "33"]
[EventDate "2017.10.08"]
[EventType "team-tourn"]
[EventRounds "9"]
[EventCountry "GER"]
[SourceTitle "CBM 183 Extra"]
[Source "ChessBase"]
[SourceDate "2018.04.19"]
[SourceVersion "1"]
[SourceVersionDate "2018.04.19"]
[SourceQuality "1"]
[WhiteTeam "St Pauli"]
[BlackTeam "Glueck Auf Ruedersdorf"]
[WhiteTeamCountry "GER"]
[BlackTeamCountry "GER"]

1. d4 d5 2. c4 e6 3. Nf3 c6 4. e3 Nf6 5. b3 Be7 6. Bd3 0-0 7. 0-0 b6 8. Bb2 Bb7 9. Nc3 dxc4 10. Bxc4 Nbd7 11. Qe2 b5 12. Bd3 a6 13. Rfd1 Rc8 14. Rac1 c5 15. dxc5 Rxc5 16. b4 Rc7 17. a4 1/2-1/2

[Event "BL2-Nord 1718"]
[White "Meins, Gerlef"]
[Black "Dudzinski, Piotr"]
[Site "Germany"]
[Round "2.2"]
[Result "1/2-1/2"]
[Date "2017.10.22"]
[WhiteElo "2410"]
[BlackElo "2310"]
[PlyCount "32"]
[EventDate "2017.10.08"]
[EventType "team-tourn"]
[EventRounds "9"]
[EventCountry "GER"]
[SourceTitle "CBM 183 Extra"]
[Source "ChessBase"]
[SourceDate "2018.04.19"]
[SourceVersion "1"]
[SourceVersionDate "2018.04.19"]
[SourceQuality "1"]
[WhiteTeam "Werder Bremen II"]
[BlackTeam "Glueck Auf Ruedersdorf"]
[WhiteTeamCountry "GER"]
[BlackTeamCountry "GER"]

1. d4 d5 2. c4 e6 3. Nf3 c6 4. Qc2 Nf6 5. Nbd2 Be7 6. e4 dxe4 7. Nxe4 Nbd7 8. Bd3 Nxe4 9. Bxe4 c5 10. Be3 Nf6 11. 0-0 Nxe4 12. Qxe4 f6 13. b3 a6 14. b4 Qd6 15. g3 f5 16. Qd5 Kf7 1/2-1/2

[Event "BL2-Nord 1718"]
[White "Dudzinski, Piotr"]
[Black "Meissner, Felix"]
[Site "Germany"]
[Round "1.4"]
[Result "1-0"]
[Date "2017.10.08"]
[WhiteElo "2310"]
[BlackElo "2339"]
[PlyCount "91"]
[EventDate "2017.10.08"]
[EventType "team-tourn"]
[EventRounds "9"]
[EventCountry "GER"]
[SourceTitle "CBM 183 Extra"]
[Source "ChessBase"]
[SourceDate "2018.04.19"]
[SourceVersion "1"]
[SourceVersionDate "2018.04.19"]
[SourceQuality "1"]
[WhiteTeam "Glueck Auf Ruedersdorf"]
[BlackTeam "Hamburger SK II"]
[WhiteTeamCountry "GER"]
[BlackTeamCountry "GER"]

1. e4 c5 2. c3 Nf6 3. e5 Nd5 4. d4 cxd4 5. cxd4 e6 6. Nc3 Nxc3 7. bxc3 Qc7 8. Bd2 b6 9. f4 Bb7 10. Nf3 Nc6 11. Bd3 Na5 12. Qe2 Bd5 13. 0-0 Nc4 14. Be1 h6 15. Nd2 Nxd2 16. Bxd2 Rc8 17. f5 Bc4 18. fxe6 dxe6 19. Bxc4 Qxc4 20. Qf3 Qc7 21. a4 g6 22. Qf6 Rh7 23. Kh1 Be7 24. Qf3 Qc6 25. Qg3 Qd5 26. Rfb1 Rc4 27. Qd3 Qc6 28. Rb5 Kf8 29. h3 Bg5 30. Be1 Kg7 31. Qb1 Bd8 32. Rb4 Rh8 33. Rxc4 Qxc4 34. Qb5 Qc8 35. c4 a6 36. Qb3 Be7 37. Bg3 Qc7 38. d5 Qc5 39. Rf1 Bg5 40. Bf2 Qc7 41. Bxb6 Qxe5 42. Qd3 Bf6 43. d6 Rb8 44. a5 Kg8 45. c5 Bd8 46. c6 1-0

[Event "POL-chT 2nd League"]
[White "Sypien, Mateusz"]
[Black "Dudzinski, Piotr"]
[Site "Szklarska Poreba"]
[Round "4.3"]
[Result "1/2-1/2"]
[Date "2017.09.05"]
[WhiteElo "2250"]
[BlackElo "2341"]
[PlyCount "75"]
[EventDate "2017.09.02"]
[EventType "team-swiss"]
[EventRounds "9"]
[EventCountry "POL"]
[SourceTitle "CBM 180 Extra"]
[Source "ChessBase"]
[SourceDate "2017.10.06"]
[SourceVersion "1"]
[SourceVersionDate "2017.10.06"]
[SourceQuality "1"]
[WhiteTeam "Stara Wies Parnas"]
[BlackTeam "Ostrow Wielkopolski"]
[WhiteTeamCountry "POL"]
[BlackTeamCountry "POL"]

1. e4 e6 2. d4 d5 3. Nc3 dxe4 4. Nxe4 Bd7 5. Nf3 Bc6 6. Bd3 Nd7 7. Qe2 Bxe4 8. Bxe4 c6 9. c3 Ngf6 10. Bc2 Bd6 11. 0-0 Qc7 12. Re1 h6 13. Ne5 0-0 14. Bf4 Rae8 15. Rad1 Nd5 16. Bxh6 Nxe5 17. dxe5 Bxe5 18. Qxe5 Qxe5 19. Rxe5 gxh6 20. c4 Nb4 21. Bb1 Rd8 22. Ree1 c5 23. Be4 b6 24. a3 Na6 25. f4 Nc7 26. Kf2 f5 27. Bf3 Kf7 28. Ke3 Ke7 29. b4 Rxd1 30. Rxd1 Ne8 31. bxc5 bxc5 32. Kd3 Nd6 33. Re1 Kf6 34. Re5 Rc8 35. Kc3 Nf7 36. Re1 Rd8 37. Bh5 Nd6 38. Bf3 1/2-1/2

[Event "BL2-Nord 1617"]
[White "Dudzinski, Piotr"]
[Black "Richter, Christian"]
[Site "Germany"]
[Round "8.3"]
[Result "1-0"]
[Date "2017.04.23"]
[WhiteElo "2362"]
[BlackElo "2367"]
[PlyCount "65"]
[EventDate "2016.10.16"]
[EventType "team-tourn"]
[EventRounds "9"]
[EventCountry "GER"]
[SourceTitle "EXT 2018"]
[Source "ChessBase"]
[SourceDate "2017.10.13"]
[SourceVersion "1"]
[SourceVersionDate "2017.10.13"]
[SourceQuality "1"]
[WhiteTeam "Ruedersdorf"]
[BlackTeam "Werder Bremen II"]
[WhiteTeamCountry "GER"]
[BlackTeamCountry "GER"]

1. e4 e5 2. Nf3 Nc6 3. Bc4 Bc5 4. c3 Nf6 5. d3 a6 6. 0-0 Ba7 7. Bb3 d6 8. Nbd2 0-0 9. Re1 Ng4 10. Re2 Kh8 11. Nf1 f5 12. exf5 Bxf5 13. Ng3 Bd7 14. d4 exd4 15. cxd4 Nxf2 16. Rxf2 Nxd4 17. Be3 Nxb3 18. Qxb3 Be6 19. Qc3 Bxe3 20. Qxe3 Qd7 21. Ng5 Rxf2 22. Qxf2 Bg8 23. Rf1 Bxa2 24. Nh5 h6 25. Nf7+ Bxf7 26. Qxf7 Qg4 27. Nf4 Kh7 28. Ne6 c5 29. h3 Qg3 30. Rf3 Qe1+ 31. Kh2 Rg8 32. Ng5+ Kh8 33. Qg6 1-0